000 00541nam a2200205Ia 4500
003 OSt
005 20230511112836.0
008 210423s2008 xx 000 0 und d
020 _a8180940489
040 _cAL
041 _aeng
082 _a616.0798
_223
_b BEGF
100 _aBEGUM (Fathimunisa).
_9102698
245 _aMonoclonial antibodies: hopeful drugs.
260 _aChennai
_bMJP Publishers
_c2008
300 _axiv,264
_bPB
365 _b300
_cINR
906 _aantibodies: ; drugs. ; hopeful ; Monoclonial
942 _2ddc
_cBK
999 _c164169
_d164169